[Event "150th Dundee Grandmaster Chess"]
[Site "Dundee"]
[Date "2017.07.15"]
[Round "2"]
[White "Arakhamia-Grant, Ketevan"]
[Black "Small, Simon W"]
[Result "0-1"]
[WhiteElo "2364"]
[BlackElo "2245"]
[Annotator "TA"]
[PlyCount "118"]
[EventDate "2017.??.??"]
[EventCountry "SCO"]
[SourceTitle "playchess.com"]
[Source "ChessBase"]
[SourceQuality "1"]

{[%evp 20,118,23,20,15,22,22,-20,-24,-24,32,8,15,14,14,0,0,1,39,18,64,56,46,55,44,41,41,44,50,45,42,-8,152,36,19,-5,-16,-58,-58,-73,-82,-116,-115,-100,-82,-114,-116,-126,-126,-124,-118,-130,-109,-255,-260,-256,-245,-242,-237,-227,-164,-433,-428,-407,-418,-446,-446,-343,-416,-391,-364,-748,-736,-961,-977,-919,-903,-879,-854,-645,-509,-473,-472,-807,-997,-1126,-1169,-1056,-1006,-772,-931,-848,-750,-29972,-29972,-29972,-29972,-29972,-29973,-29974,-29975]} 1. e4 e6 2. d4 d5 3. Nc3 Nf6 4. e5 Nfd7 5. f4 c5 6. Nf3 Nc6 7. Be3 Be7 8. Qd2 a6 9. dxc5 Nxc5 {C11: French: Classical System: 4 e5 and 4 Bg5 dxe4} 10. O-O-O b5 (10... Qa5 11. Kb1 b5 12. h4 Bd7 13. g4 b4 14. Ne2 Ne4 15. Qe1 Rb8 16. Nc1 Nc3+ 17. bxc3 bxc3+ {1-0 (96) Najer,E (2679)-Korobov,A (2695) Poikovsky 2017}) 11. Qf2 {LiveBook: 6 Games} Na4 {The position is equal.} 12. Nxa4 bxa4 13. Bc5 $146 ({Predecessor:} 13. a3 Rb8 14. Qg3 Kf8 15. Nd4 Nxd4 16. Bxd4 Qc7 17. Qf2 {1-0 (83) Aseeva,M (2155)-Mekhtiev,S St Petersburg 1997}) 13... a3 14. b3 Nb4 (14... O-O $11) 15. Kb1 Qc7 16. Bb6 $36 {[%mdl 2048] White has good play.} Qb7 17. Bd3 Bd7 18. Bc5 Bb5 19. Bxe7 Qxe7 20. Bxb5+ $1 axb5 21. c3 Nc6 22. Qb6 Na7 23. f5 O-O 24. Rhe1 Rac8 25. Qd6 Qc7 $2 {[#]} (25... Nc6 $11) 26. Qxc7 (26. fxe6 $16 {aiming for Qxc7.} Qxc3 27. exf7+ (27. Qxa3 Qc2+ 28. Ka1 fxe6 $11) 27... Rxf7 28. Re2) 26... Rxc7 $14 27. fxe6 fxe6 28. Rd3 Nc6 29. b4 h6 30. Re2 Rf4 31. h3 g5 32. Rde3 Kg7 33. g3 Rf8 34. Rd2 Kg6 35. Rd1 h5 36. Nd4 (36. h4 $17 {might work better.}) 36... Nxd4 $19 37. cxd4 {[%mdl 4096] Endgame KRR-KRR} Rc4 38. Rxa3 Rxb4+ 39. Ka1 Rf2 40. Ra8 $2 {[#]} (40. Ra6) 40... Ra4 41. Rxa4 bxa4 {KR-KR} 42. Rd3 g4 43. hxg4 hxg4 44. Ra3 Rf3 45. Rxa4 $2 (45. Kb2) 45... Rxg3 46. Ra8 Rd3 47. Kb2 Rxd4 48. a4 Kf5 49. a5 Kxe5 50. Kb3 Rd1 51. Kb2 (51. Rg8 $142 Rb1+ 52. Ka3) 51... Rh1 52. Rg8 Kf4 53. Rf8+ Ke4 54. Rg8 Kf3 55. Rf8+ Kg2 56. Re8 g3 {[%cal Bg4g3,Bg3g2][%mdl 32] Black mates.} 57. a6 Rh7 58. Rxe6 Kh2 59. Kc3 g2 {Precision: White = 30%, Black = 74%.} 0-1

[Event "150th Dundee Grandmaster Chess"]
[Site "Dundee"]
[Date "2017.07.15"]
[Round "2"]
[White "Arakhamia-Grant, Ketevan"]
[Black "Willliams, Simon"]
[Result "0-1"]
[WhiteElo "2364"]
[BlackElo "2442"]
[Annotator "TA"]
[PlyCount "118"]
[EventDate "2017.??.??"]
[EventCountry "SCO"]
[SourceTitle "playchess.com"]
[Source "ChessBase"]
[SourceQuality "1"]

{[%evp 16,118,15,14,15,4,10,14,20,15,37,-7,4,-2,32,31,25,25,31,10,9,7,41,19,48,42,42,42,42,42,42,42,42,46,53,8,147,8,16,-15,-18,-60,-64,-80,-81,-119,-100,-102,-75,-139,-123,-135,-110,-113,-120,-144,-125,-293,-291,-286,-283,-255,-270,-249,-168,-530,-530,-503,-536,-989,-970,-1113,-974,-2561,-2141,-1861,-1717,-12833,-12835,-12832,-12832,-12840,-12837,-12841,-12835,-12835,-12836,-12836,-12837,-12837,-12837,-12838,-12838,-12839,-12839,-12839,-12840,-12841,-12842,-12841,-12842,-12845,-12846,-12847,-12847]} 1. e4 e6 2. d4 d5 3. Nc3 Nf6 4. e5 Nfd7 5. f4 c5 6. Nf3 Nc6 7. Be3 Be7 8. Qd2 a6 9. dxc5 Nxc5 {C11: French: Classical System: 4 e5 and 4 Bg5 dxe4} 10. O-O-O b5 (10... Qa5 11. Kb1 b5 12. h4 Bd7 13. g4 b4 14. Ne2 Ne4 15. Qe1 Rb8 16. Nc1 Nc3+ 17. bxc3 bxc3+ {1-0 (96) Najer,E (2679)-Korobov,A (2695) Poikovsky 2017}) 11. Qf2 Na4 {The position is equal.} 12. Nxa4 bxa4 13. Bc5 $146 ({Predecessor:} 13. a3 Rb8 14. Qg3 Kf8 15. Nd4 Nxd4 16. Bxd4 Qc7 17. Qf2 {1-0 (83) Aseeva,M (2155)-Mekhtiev,S St Petersburg 1997}) 13... a3 14. b3 Nb4 15. Kb1 Qc7 16. Bb6 Qb7 17. Bd3 Bd7 18. Bc5 Bb5 19. Bxe7 Qxe7 20. Bxb5+ $1 axb5 21. c3 Nc6 22. Qb6 Na7 23. f5 O-O 24. Rhe1 Rac8 25. Qd6 Qc7 (25... Rfe8 $11 {keeps the balance.}) 26. Qxc7 (26. fxe6 $16 {Strongly threatening Qxc7.} Qxc3 27. exf7+ (27. Qxa3 Qc2+ 28. Ka1 fxe6 $11) 27... Rxf7 28. Re2) 26... Rxc7 $11 27. fxe6 fxe6 28. Rd3 Nc6 29. b4 h6 30. Re2 Rf4 31. h3 g5 32. Rde3 (32. g3 $142 Re4 33. Rde3) 32... Kg7 $17 33. g3 Rf8 34. Rd2 Kg6 35. Rd1 h5 36. Nd4 $2 {[#]} (36. h4 $17) 36... Nxd4 $19 37. cxd4 {[%mdl 4096] Endgame KRR-KRR} Rc4 38. Rxa3 Rxb4+ 39. Ka1 Rf2 40. Ra8 $2 {[#]} (40. Ra6 {is more resistant.}) 40... Ra4 {Black is clearly winning.} 41. Rxa4 bxa4 {KR-KR} 42. Rd3 g4 43. hxg4 hxg4 44. Ra3 Rf3 45. Rxa4 Rxg3 46. Ra8 Rd3 47. Kb2 Rxd4 48. a4 Kf5 49. a5 Kxe5 50. Kb3 Rd1 51. Kb2 Rh1 52. Rg8 Kf4 53. Rf8+ Ke4 54. Rg8 Kf3 55. Rf8+ Kg2 56. Re8 g3 {[%cal Bg4g3,Bg3g2][%mdl 32]} 57. a6 Rh7 58. Rxe6 Kh2 59. Kc3 g2 {Precision: White = 30%, Black = 64%.} 0-1

[Event "150th Dundee Grandmaster Chess"]
[Site "Dundee"]
[Date "2017.07.16"]
[Round "3"]
[White "Kapnisis, Spyridon"]
[Black "Cramling, Pia"]
[Result "1-0"]
[WhiteElo "2464"]
[BlackElo "2444"]
[Annotator "TA"]
[PlyCount "75"]
[EventDate "2017.??.??"]
[EventCountry "SCO"]
[SourceTitle "playchess.com"]
[Source "ChessBase"]
[SourceQuality "1"]

1. c4 {Program Activation Required} e6 2. g3 d5 3. Bg2 dxc4 (3... Nf6 4. Nf3 Be7 5. O-O O-O 6. d4 dxc4 7. Qc2 a6 8. a4 Bd7 9. Qxc4 Bc6 10. Bf4 Nbd7 11. Nc3 Bd6 12. a5 Bxf4 13. gxf4 Nd5 14. e3 Nxc3 15. Qxc3 Bxf3 16. Bxf3 c6 17. Kh1 Qe7 18. Rg1 g6 19. Rg5 {½-½ (80) Aronian,L (2793)-Kramnik,V (2808) Leuven 2017}) 4. Na3 g6 $146 ({NOTEXT:} 4... Bxa3 5. bxa3 c6 6. Bb2 Nf6 7. Qc2 b5 8. Nf3 Bb7 9. O-O Nbd7 10. Rfd1 O-O 11. d3 cxd3 12. Rxd3 {½-½ (33) Mista,A (2562)-Sargissian,G (2666) Warsaw 2012}) 5. Nxc4 Bg7 6. Rb1 {A13: English Opening: 1...e6} Ne7 7. b4 a6 8. Bb2 Bxb2 9. Rxb2 Nbc6 10. Nf3 Nf5 11. e3 Nd6 12. Nce5 Nxe5 13. Nxe5 f6 14. Nd3 O-O 15. Nc5 Qe7 16. d4 Ra7 17. Qb3 Kh8 18. O-O e5 19. dxe5 Qxe5 20. Rd2 a5 21. Rc1 Qe8 22. bxa5 Rxa5 23. Qc3 Ra7 24. Rb2 b6 25. Nd3 Bd7 26. Nf4 Ne4 27. Qc4 Nc5 28. h4 Qe5 29. Rd2 Ra4 30. Qe2 Be6 31. Rcd1 Bf7 32. Bd5 Ne4 33. Bxf7 Nxd2 34. Bxg6 Ne4 35. Rd7 Qa1+ 36. Kg2 Rxa2 37. Rxh7+ Kg8 38. Qc4+ 1-0

[Event "150th Dundee Grandmaster Chess"]
[Site "Dundee"]
[Date "2017.07.16"]
[Round "3"]
[White "Greet, Andrew N"]
[Black "Petr, Martin"]
[Result "1-0"]
[WhiteElo "2447"]
[BlackElo "2486"]
[Annotator "TA"]
[PlyCount "117"]
[EventDate "2017.??.??"]
[EventCountry "SCO"]
[SourceTitle "playchess.com"]
[Source "ChessBase"]
[SourceQuality "1"]

{[%evp 21,117,22,29,33,37,36,33,8,43,18,30,30,30,30,32,29,26,27,28,29,35,22,32,25,23,28,28,25,73,69,87,87,87,88,143,101,97,97,179,179,179,161,165,156,167,159,150,170,244,162,260,255,179,179,169,154,176,154,260,260,252,207,200,199,271,174,411,404,399,384,588,458,798,721,939,782,998,866,832,791,769,451,451,440,720,671,29955,29956,29953,29954,29961,29961,29963,29962,29955,29954,5777,5591]} 1. d4 d5 2. c4 c6 3. Nf3 Nf6 4. e3 Bf5 5. Nc3 e6 6. Nh4 Be4 7. f3 Bg6 8. Qb3 Qc7 9. Bd2 {D12: Slav Defence: 3 Nf3 Nf6 4 e3 Bf5} Be7 (9... a6 10. Rc1 dxc4 11. Bxc4 Nbd7 12. a4 Be7 13. g3 Bh5 14. O-O O-O 15. Ng2 Rad8 16. Nf4 Kh8 {½-½ (34) So,W (2822)-Caruana,F (2817) chess.com INT 2017}) 10. g3 Nbd7 11. Rc1 Qb6 {LiveBook: 4 Games} 12. Kf2 O-O 13. Nxg6 hxg6 14. Kg2 $146 ({Predecessor:} 14. Qxb6 axb6 15. a3 dxc4 16. Bxc4 b5 {1-0 (61) Burdalev,K (2259)-Itkis,H (2048) Pardubice 2011}) 14... Rad8 15. Be1 dxc4 16. Bxc4 e5 17. Bf2 exd4 18. exd4 Qxb3 19. Bxb3 Nb6 20. Rhe1 Rfe8 21. Re2 Bb4 22. Rce1 Rxe2 23. Rxe2 Nbd5 24. Ne4 Nxe4 25. fxe4 Nc7 26. a3 Ba5 27. d5 Bb6 (27... cxd5 $142 28. exd5 (28. Bxa7 dxe4 29. Bf2 Ne6 $14) 28... a6) 28. dxc6 bxc6 29. Rc2 Nb5 (29... Bxf2 $16 30. Kxf2 (30. Rxf2 Ne6 $16) 30... Rb8) 30. Bxb6 $18 axb6 31. Rxc6 {[%mdl 4096] Endgame KRB-KRN} Rd2+ 32. Kh3 Rxb2 33. Rc8+ Kh7 34. Bxf7 {[#] And now Rc6 would win.} Nd4 (34... Nd6 {was worth a try.} 35. Bxg6+ Kxg6) 35. Rc3 Re2 (35... Rf2 $142) 36. Rd3 Nc6 {Hoping for ...Ne5.} 37. Bxg6+ Kxg6 {KRN-KR} 38. Rd6+ Kh5 {[#] Strongly threatening ...Ne5.} 39. Rxc6 Rxe4 (39... Re3 $16 40. Rxb6 Rxa3) 40. Rxb6 {KR-KR} Ra4 41. Rb3 g5 42. Kg2 Kg6 (42... g4 $142 43. Rb5+ Kh6) 43. Rf3 Ra8 $2 (43... Rd4 44. Rf2 Ra4) 44. g4 Ra4 45. h3 Ra8 (45... Re4 {keeps fighting.} 46. Rc3 Ra4) 46. Kf2 Ra7 (46... Re8 $142 47. a4 Ra8) 47. Ke2 Ra8 48. Kd2 Ra7 49. Kc2 Ra8 50. Kb2 Rb8+ 51. Rb3 Ra8 52. Rb4 Rh8 (52... Kf7 $142 53. a4 Ke7) 53. a4 {[%cal Ba3a4,Ba4a5,Ba5a6,Ba6a7][%mdl 32]} Rxh3 54. a5 Kf6 55. a6 Rh8 56. a7 Ra8 57. Ra4 Ke5 58. Kc3 Kd5 59. Kd3 {Precision: White = 67%, Black = 34%.} 1-0

[Event "150th Dundee Grandmaster Chess"]
[Site "Dundee"]
[Date "2017.07.16"]
[Round "3"]
[White "Williams, Simon K"]
[Black "Rozentalis, Eduardas"]
[Result "1/2-1/2"]
[WhiteElo "2442"]
[BlackElo "2509"]
[Annotator "TA"]
[PlyCount "112"]
[EventDate "2017.??.??"]
[EventCountry "SCO"]
[SourceTitle "playchess.com"]
[Source "ChessBase"]
[SourceQuality "1"]

{[%evp 20,112,26,26,21,21,22,22,39,18,32,0,6,0,0,0,0,0,45,43,36,39,43,37,56,20,19,22,40,0,0,0,0,-58,22,-31,-24,-132,-133,-128,-134,-180,-131,-133,-101,-95,-70,-143,-118,-170,-56,-56,-45,-143,-146,-144,-52,-251,-253,-256,-220,-222,-225,-229,-225,-503,-77,-75,-16,-219,-220,-220,-158,-247,-39,-43,-43,-43,-42,-39,0,0,0,0,0,0,0,0,0,0,0,0,0,0,27]} 1. d4 Nf6 2. Nf3 e6 3. Bf4 b6 4. e3 Bb7 5. Nbd2 Be7 6. h3 d6 7. Bd3 {A47: 1 d4 Nf6 2 Nf3 b6: Torre, London and Colle Systems} c5 8. c3 cxd4 9. exd4 Nbd7 10. O-O O-O 11. Bh2 {LiveBook: 8 Games} Re8 12. Re1 Bf8 (12... a6 13. a4 Nf8 14. Ng5 Qd7 15. Qe2 Bc6 16. Bxa6 Bxa4 17. Bd3 Bc6 18. Nc4 {1-0 (82) Giri,A (2755)-Tomashevsky,E (2731) Moscow 2016}) 13. Qc2 h6 14. a4 Qc7 $146 15. Re2 Bc6 16. Rae1 Qb7 17. b4 {[%cal Bb2b4,Bb4b5][%mdl 32]} Rac8 18. Qb3 a5 19. b5 $1 {[%cal Rb5c6]} Bxf3 20. Nxf3 Nd5 21. Rc1 N7f6 22. Bb1 Qc7 23. c4 Qb7 24. Ne1 Nb4 $1 25. Nd3 d5 26. Nxb4 (26. Nb2 $11) 26... Bxb4 (26... dxc4 $15 27. Rxc4 Rxc4 28. Qxc4 axb4) 27. Qf3 (27. Rec2 $11) 27... Qe7 $36 {[%mdl 2048] Black has the initiative.} 28. Rec2 (28. Qd3 $11) 28... Ba3 $17 29. Rd1 dxc4 30. Qe2 c3 31. Qd3 Bb4 32. Be5 g6 33. Re2 (33. Qf3 $15 Nd5 34. Ba2) 33... Nd5 34. Qg3 (34. Ba2 $17) 34... Kh7 (34... Qg5 $19 {Threatens to win with ...Qxg3.} 35. Qxg5 hxg5) 35. h4 $1 $15 h5 {[%cal Bh6h5,Bh5g4][%mdl 32]} 36. Bc2 ({White should play} 36. Qf3 $1 $15 Kh6 37. Be4) 36... Red8 $17 37. Qf3 {White threatens Qxh5+ and mate.} f5 ({Black should try} 37... Kg8 $17 38. Qg3 Qe8) 38. g4 $2 (38. g3 $15) 38... hxg4 $19 39. Qg3 Bd6 40. h5 {[#]} Bxe5 $1 41. hxg6+ {[#]} Kg7 $1 ({Don't do} 41... Kxg6 42. Rxe5 Qf6 43. Rde1 $17) 42. Rxe5 $2 (42. Qxe5+ Kxg6 43. Qxe6+ Qxe6 44. Rxe6+ Kf7 45. Rde1) 42... Qf6 $2 (42... Rh8 $19 {has better winning chances. Strongly threatening ...Rh3.} 43. Rde1 Rh3) 43. Rde1 $17 Nc7 (43... Rd6 $17 44. R5e2 Rcd8) 44. Bxf5 $2 (44. Bb3 $1 $11 {and White stays safe.} Re8 45. Qxc3) 44... exf5 $19 45. Re7+ Kxg6 46. Rxc7 c2 $2 ({Avoid the trap} 46... Qxd4 $2 47. Re6+ Qf6 48. Rxf6+ Kxf6 49. Qxc3+ Ke6 50. Rxc8 $18) ({Better is} 46... Rxc7 $19 47. Qxc7 Rxd4) 47. d5 $15 Rxc7 48. Qxc7 Rxd5 {Hoping for ...Rd1.} 49. Qxc2 {[%mdl 4096] Endgame KQR-KQR} g3 50. fxg3 {The position is equal.} Qd6 51. Qb3 Rd3 52. Qg8+ Kf6 53. Kh2 Rd2+ 54. Kh3 Rh2+ 55. Kxh2 {Qe8 would kill now.} Qd2+ 56. Kh3 {[%csl Gg8][%cal Re1e6]} Qxe1 {Precision: White = 38%, Black = 45%.} 1/2-1/2

[Event "150th Dundee Grandmaster Chess"]
[Site "Dundee"]
[Date "2017.07.16"]
[Round "3"]
[White "Arkell, Keith C"]
[Black "Arakhamia-Grant, Ketevan"]
[Result "0-1"]
[WhiteElo "2424"]
[BlackElo "2364"]
[Annotator "TA"]
[PlyCount "106"]
[EventDate "2017.??.??"]
[EventCountry "SCO"]
[SourceTitle "playchess.com"]
[Source "ChessBase"]
[SourceQuality "1"]

1. d4 {Program Activation Required} Nf6 2. Nf3 g6 3. c4 Bg7 4. Nc3 O-O 5. g3 d6 6. Bg2 Nbd7 7. O-O e5 8. e4 exd4 9. Nxd4 Re8 10. h3 a6 11. a4 {E68: King's Indian: Fianchetto: 6...Nbd7 7 0-0 e5 8 e4} (11. Re1 Rb8 12. Bf4 Ne5 13. Qb3 Nd3 14. Nc6 bxc6 15. Qxb8 Nxf4 16. gxf4 Nh5 17. e5 d5 18. Ne2 Qh4 19. Qxc7 Bxh3 20. Qxc6 {½-½ (41) Mareco,S (2635)-Adhiban,B (2666) Doha 2016}) 11... Rb8 12. a5 Ne5 13. b3 Nfd7 $146 ({NOTEXT:} 13... c5 14. Nde2 Nc6 15. Bf4 Nd4 {1-0 (59) Arkell,K (2408)-Agrest,I (2273) chess.com INT 2017}) 14. Be3 Nc5 15. Qc2 Ne6 16. Rfd1 Nc6 17. Nde2 Bd7 18. Qd2 Qc8 19. c5 Nxc5 20. Bxc5 Bxh3 21. Be3 Bg4 22. f3 Be6 23. Ra3 Ne5 24. Nf4 Bd7 25. Nfd5 Qd8 26. Ra2 Be6 27. Rb2 h5 28. Nf4 Bd7 29. Ncd5 Bb5 30. Rc2 c6 31. Nc3 Qxa5 32. Na4 Qd8 33. Nb6 Qe7 34. Ne2 Rbd8 35. Nd4 Bd3 36. Rc3 Bb5 37. Rcc1 d5 38. exd5 Nd3 39. Nxb5 Nxc1 40. Qxc1 Qxe3+ 41. Qxe3 Rxe3 42. Na3 Rxb3 43. Nac4 Bf8 44. Kh2 Bc5 45. Na4 Rxd5 46. Nxc5 Rxc5 47. Rd8+ Kh7 48. Nd6 Rb2 49. Nxf7 Rcc2 50. Kh3 Rxg2 51. Kh4 Rgd2 52. Re8 Kg7 53. Ne5 Kf6 0-1

[Event "150th Dundee Grandmaster Chess"]
[Site "Dundee"]
[Date "2017.07.16"]
[Round "3"]
[White "Pritchett, Craig W"]
[Black "McNab, Colin A"]
[Result "0-1"]
[WhiteElo "2326"]
[BlackElo "2435"]
[Annotator "TA RC"]
[PlyCount "78"]
[EventDate "2017.??.??"]
[EventCountry "SCO"]
[SourceTitle "playchess.com"]
[Source "ChessBase"]
[SourceQuality "1"]

{[%evp 15,78,0,0,1,10,11,12,13,18,4,20,2,23,22,21,25,33,28,30,20,24,3,33,27,31,-47,-53,-70,23,31,30,-155,-145,-172,-110,-114,-100,-118,-126,-123,-122,-200,-159,-192,-70,-95,-78,-64,-62,-137,-121,-115,-108,-162,-151,-581,-571,-574,-558,-617,-7,-879,-879,-1264,-1203]} 1. e4 g6 2. d4 Bg7 3. Nc3 d6 4. Nf3 Nf6 5. Be2 c6 6. O-O O-O 7. Re1 Nbd7 8. Bf1 {B08: Pirc Defence: Classical System} (8. Bf4 Nh5 9. Bg5 h6 10. Be3 e5 11. Qd2 Kh7 12. Rad1 Qe7 13. dxe5 dxe5 14. Qd6 Qxd6 15. Rxd6 Re8 16. Red1 Nb6 {1-0 (48) Malakhov,V (2694)-Bologan,V (2661) Dubai 2014}) 8... e5 {LiveBook: 8 Games} 9. dxe5 dxe5 10. a4 {The position is equal.} Qc7 11. Be3 Ng4 $146 ({Find the theoretical novelty and annotate with similar games:} 11... Rd8 12. Qc1 Nf8 13. h3 Ne6 14. Rd1 Rxd1 15. Qxd1 Bd7 16. a5 Bf8 17. Ng5 Nh5 18. Nxe6 Bxe6 {1-0 (76) Holub,L (2110)-Mrnka,J Czechia 2003}) 12. Bg5 Nc5 13. h3 h6 14. Bd2 ({Don't play} 14. hxg4 hxg5 15. Nxg5 Rd8 $15) 14... Nf6 15. Qc1 Kh7 16. b4 Ne6 17. Bd3 Nh5 18. Rb1 Nef4 19. Bf1 f5 20. exf5 ({White should play} 20. Qa3 $14) 20... gxf5 $15 {And now ...e4 would win.} 21. g3 Nd5 (21... e4 $15 22. Bxf4 Nxf4 23. Qxf4 Qxf4 24. gxf4 Bxc3) 22. Qd1 $11 e4 23. Nxd5 $2 (23. Ng5+ $1 $11 Kg6 24. Ngxe4 fxe4 25. Nxe4) 23... cxd5 $17 24. Nh2 {[#]} Qf7 (24... Nxg3 $1 $19 {[%mdl 512]} 25. Bg2 (25. fxg3 Qxg3+) 25... f4 26. fxg3 f3) 25. Be2 Nf6 {[%cal Bh5f6,Bf6d7,Bd7e5][%mdl 32]} 26. Bf4 Be6 27. Nf1 Rac8 28. Ne3 (28. a5 $17) 28... Rfd8 $1 $19 29. Qd4 b6 (29... Nd7 $19 30. Qxa7 d4) 30. Be5 $15 Nd7 31. Bxg7 Qxg7 32. Qxg7+ (32. Red1 $15) 32... Kxg7 $17 33. Red1 Ne5 $36 {[%mdl 2048] aiming for ...d4. Black is on the roll.} 34. Rd2 (34. Rd4 $17) 34... d4 $19 {[%cal Bd5d4,Bd4e3][%mdl 32]} 35. Rbd1 $2 (35. Ng2 $17) 35... dxe3 36. Rxd8 Rxc2 37. Kf1 {[#]} Bc4 $2 ({Better is} 37... f4 $1 $19 {[%mdl 512]} 38. fxe3 (38. gxf4 Bxh3+) 38... Bxh3+ 39. Ke1 fxg3) 38. R8d7+ $2 {[%mdl 8192] [#]} (38. R1d7+ $11 Nxd7 39. Rxd7+ Kf6 40. Bxc4 Rxc4 41. fxe3) 38... Kf8 $1 39. Rd8+ {[#]} Ke7 $1 {Precision: White = 38%, Black = 51%.} 0-1

[Event "150th Dundee Grandmaster Chess"]
[Site "Dundee"]
[Date "2017.07.17"]
[Round "4"]
[White "Rozentalis, Eduardas"]
[Black "Arkell, Keith C"]
[Result "1/2-1/2"]
[WhiteElo "2509"]
[BlackElo "2424"]
[Annotator "TA"]
[PlyCount "70"]
[EventDate "2017.??.??"]
[EventCountry "SCO"]
[SourceTitle "playchess.com"]
[Source "ChessBase"]
[SourceQuality "1"]

{[%evp 15,70,11,13,-12,-5,-8,-7,-19,12,-4,24,14,16,13,12,0,21,0,0,-8,0,-24,-23,-33,-16,-22,-14,-33,-28,-28,0,-7,0,-62,-70,-69,-57,-77,-69,-87,-56,-61,-70,-67,-76,-52,-26,-84,-78,-91,-89,-89,-83,-102,-102,-134,-134]} 1. e4 c6 2. Nc3 d5 3. Nf3 dxe4 4. Nxe4 Nf6 5. Nxf6+ exf6 6. d4 Bd6 7. Be2 O-O 8. O-O Bg4 {LiveBook: 10 Games} 9. Nd2 {B15: Caro-Kann: 3 Nc3: 3...g6 and 3...dxe4 4 Nxe4 Nf6 5 Nxf6+ exf6} (9. h3 Bh5 10. Nd2 Bxe2 11. Qxe2 Nd7 12. Qf3 Re8 13. Nc4 Bc7 14. Bf4 Bxf4 15. Qxf4 Nb6 16. Nxb6 Qxb6 17. b3 Qa5 {½-½ (50) Wan,Y (2482)-Lan,Z (2354) Beijing 2017}) 9... Bxe2 $146 ({Predecessor:} 9... Be6 10. Ne4 Bc7 11. Nc5 Bc8 12. Bf3 f5 13. Re1 b6 14. Nb3 a5 15. c3 a4 16. Nd2 Be6 {1-0 (27) Gelemerov,J-Nenkov,L (2294) Radomir 2009}) 10. Qxe2 Re8 11. Qf3 {The position is equal.} Bc7 12. Nb3 (12. Qd3 {keeps more tension.} Qd6 13. Nf3 Nd7 14. Be3 b5 15. a4) 12... Qd5 (12... Nd7 {feels hotter.} 13. Be3 Nb6 14. Rfe1 Nc4 15. Nc5 Qd6) 13. Qxd5 cxd5 14. Bd2 Nc6 15. Rfe1 f5 16. a4 f6 17. Kf1 Kf7 ({Reject} 17... Bxh2 $6 18. g3 $16) 18. h3 Bd6 19. Rac1 h5 20. Rxe8 Rxe8 21. Re1 Rc8 22. Ke2 Nd8 23. Kd3 Ne6 24. Nc1 (24. c3 $11) 24... Rc4 $15 25. Ne2 Rxa4 26. b3 Ra6 27. Nc3 Nc7 28. Ne2 b5 29. Bf4 Bxf4 30. Nxf4 {[%mdl 4096] Endgame KRN-KRN} h4 (30... g5 $5 {[%cal Rg5f4]} 31. Nxh5 Ne6 $15) 31. Kd2 (31. g3 $1 $11) 31... g5 $17 32. Nd3 {[#]} Ne6 $1 33. Nc5 Rc6 34. Nxe6 Rxe6 35. Rxe6 Kxe6 {Precision: White = 42%, Black = 44%.} 1/2-1/2